| 000 | 00954nas a2200301 4500 | ||
|---|---|---|---|
| 001 | BR2013003400 | ||
| 003 | BR-BrBNA | ||
| 005 | 20231205122244.0 | ||
| 007 | ta | ||
| 008 | 230509b bl.|||p| |||| 00| 00por d | ||
| 040 |
_aBR-BrBNA _bpor _cBiblioteca Nacional de Agricultura |
||
| 041 | _a(Pt) | ||
| 072 | _aF40; F50; P40 | ||
| 100 | 1 | _aFactor, T.L. | |
| 100 | 1 | _aFeltran, J.C. | |
| 100 | 1 | _aMiranda Filho, H.da S. | |
| 100 | 1 | _aGranja, N. do P. | |
| 100 | 1 | _aLima Junior, S. | |
| 245 | 1 | _aEcofisiologia da batata: adaptação às alterações climáticas | |
| 650 | _aBATATA | ||
| 650 | _aECOLOGIA VEGETAL | ||
| 650 | _aFISIOLOGIA VEGETAL | ||
| 650 | _aVARIAÇÃO SAZONAL | ||
| 650 | _aTEMPERATURA | ||
| 773 | 0 |
_tInforme Agropecuário - Empresa de Pesquisa Agropecuaria de Minas Gerais (Brazil) _xISSN 0100-3364 _g(Sep-Oct 2012), v. 33(270) p. 20-29 _wBR2013003400 |
|
| 909 |
_a202311 _bLúcia _c55 _dLúcia Elande |
||
| 942 |
_2AGRIS _n0 _cANA |
||
| 999 |
_c227720 _d227720 |
||